Les 108 clubs qualifiés en Coupe d'Europe ! (2025-2026) - Statistiques

Statistiques générales
  • Ce quiz a été pris 192 fois
  • Le résultat moyen est 62 sur 108
Statistiques - réponses
Pays Club % Correct
Allemagne C1 Bayern Munich
98%
Allemagne C1 Borussia Dortmund
97%
Angleterre C1 Liverpool
95%
France C1 Paris Saint-Germain
95%
Angleterre C1 Manchester City
94%
Allemagne C1 Bayer Leverkusen
93%
Angleterre C1 Chelsea
92%
France C1 Olympique de Marseille
92%
Espagne C1 Real Madrid
92%
France C3 Olympique Lyonnais
91%
France C1 AS Monaco
90%
Angleterre C3 Aston Villa
90%
Espagne C1 FC Barcelone
90%
Angleterre C1 Arsenal
89%
Espagne C1 Atletico Madrid
89%
Italie C1 Inter Milan
89%
France C3 LOSC
89%
Italie C1 Juventus
87%
Angleterre C1 Tottenham
87%
France C3 OGC Nice
86%
Angleterre C1 Newcastle
85%
Italie C3 AS Rome
84%
France C4 RC Strasbourg
84%
Pays-Bas C1 Ajax Amsterdam
83%
Portugal C1 Benfica
83%
Portugal C3 FC Porto
83%
Portugal C1 Sporting CP
83%
Ecosse C3 Celtic Glasgow
81%
Belgique C1 Club Bruges
81%
Italie C1 Napoli
81%
Ecosse C3 Rangers
81%
Espagne C1 Athletic Bilbao
80%
Turquie C1 Galatasaray
77%
Pays-Bas C1 PSV Eindhoven
77%
Espagne C1 Villarreal
76%
Italie C1 Atalanta Bergame
73%
Croatie C3 Dinamo Zagreb
73%
Danemark C1 FC Copenhague
73%
Pays-Bas C3 Feyenoord Rotterdam
73%
Grèce C1 Olympiakos
73%
Autriche C3 RB Salzbourg
72%
Espagne C3 Real Betis
72%
Allemagne C1 Eintracht Francfort
71%
Angleterre C4 Crystal Palace
70%
Belgique C1 Union Saint-Gilloise
70%
Suisse C3 Young Boys
69%
Portugal C3 SC Braga
68%
Serbie C3 Etoile rouge de Belgrade
67%
Israël C3 Maccabi Tel Aviv
65%
Norvège C1 Bodø/Glimt
64%
Angleterre C3 Nottingham Forest
64%
République tchèque C1 Slavia Prague
64%
Allemagne C3 VfB Stuttgart
64%
Grèce C4 AEK Athènes
63%
Ukraine C4 Dynamo Kiev
63%
Italie C4 Fiorentina
63%
Pologne C4 Lech Poznań
62%
Turquie C3 Fenerbahce
61%
Suède C3 Malmö
61%
République tchèque C4 Sparta Prague
61%
Suisse C3 FC Bâle
59%
Roumanie C3 FCSB
59%
Chypre C1 Paphos FC
58%
Kazakhstan C1 Kaïrat Almaty
56%
Pologne C4 Legia Varsovie
56%
Italie C3 Bologne FC
55%
Azerbaïdjan C1 Qarabag
55%
Autriche C4 Rapid Vienne
55%
Ecosse C4 Aberdeen FC
50%
Grèce C3 Panathinaïkos
50%
Allemagne C4 Mayence 05
48%
Slovaquie C4 Slovan Bratislava
48%
Belgique C3 KRC Genk
47%
Allemagne C3 SC Fribourg
47%
Autriche C3 Sturm Graz
45%
Espagne C3 Celta Vigo
44%
Grèce C3 PAOK Salonique
44%
Hongrie C3 Ferencvaros
42%
Ukraine C4 Shakthar Donetsk
42%
Pays-Bas C4 AZ Alkmaar
36%
République tchèque C3 Viktoria Plzen
36%
Espagne C4 Rayo Vallecano
35%
Irlande C4 Shamrock Rovers
34%
Pays-Bas C3 FC Utrecht
33%
Pays-Bas C3 Go Ahead Eagles
31%
Suisse C4 Lausanne-Sport
30%
Bulgarie C3 Ludogorets
30%
Arménie C4 FC Noah
28%
Croatie C4 HNK Rijeka
27%
Gibraltar C4 Lincoln Red Imps
25%
Danemark C3 FC Midtjylland
20%
Chypre C4 Omonia Nicosie
18%
Chypre C4 AEK Larnaca
17%
Turquie C4 Samsunspor
16%
Norvège C3 SK Brann
14%
Pologne C4 Jagiellonia Bialystok
13%
Pologne C4 Raków Częstochowa
13%
Malte C4 Hamrun Spartans
12%
Slovénie C4 NK Celje
12%
Roumanie C4 Universitatea Craiova
12%
Islande C4 Breiðablik
11%
Bosnie-Herzégovine C4 Zrinjski Mostar
11%
Finlande C4 KuPS
9%
Irlande C4 Shelbourne FC
9%
République tchèque C4 Sigma Olomouc
9%
Suède C4 BK Häcken
8%
Kosovo C4 FC Drita
8%
Macédoine du Nord C4 KF Shkëndija
5%
Aucun quiz correspondant
Distribution des résultats
% des personnes avec chaque résultat
Percentile par nombre de réponses
Votre historique - résultats
Vous n’avez pas pris ce quiz